书目信息 |
| 题名: |
阅读贝聿铭
|
|
| 作者: | 黄健敏 著 | |
| 分册: | ||
| 出版信息: | 北京 中国计划出版社 1997.06 |
|
| 页数: | 160页 | |
| 开本: | 16开 | |
| 丛书名: | ||
| 单 册: | ||
| 中图分类: | TU-0 | |
| 科图分类: | ||
| 主题词: | 建筑学--理论 | |
| 电子资源: | ||
| ISBN: | 7-80058-573-5 | |
| 000 | 00531nam0 2200193 45 | |
| 001 | 0010210906 | |
| 005 | 20001021093846.2 | |
| 010 | @a7-80058-573-5@d86.00元 | |
| 100 | @a20001021d1997 km y0chiy0120 ea | |
| 101 | 0 | @achi |
| 105 | @a z 000yy | |
| 200 | 1 | @a阅读贝聿铭@AYue Du Bei Yu Ming@f黄健敏著@FHuang Jian Min Zhu |
| 210 | @a北京@c中国计划出版社@d1997.06 | |
| 215 | @a160页@d16开 | |
| 606 | 0 | @a建筑学@x理论 |
| 690 | @aTU-0@v3 | |
| 701 | 0 | @a黄健敏@4著 |
| 801 | @aCN@bPftUser@c20001021 | |
| 905 | @b179536-540@dTU-0@eH529@f5 | |
| 阅读贝聿铭/黄健敏著.-北京:中国计划出版社,1997.06 |
| 160页;16开 |
| ISBN 7-80058-573-5:86.00元 |
| ● |
| 相关链接 |
|
|
|
正题名:阅读贝聿铭
索取号:TU-0/H529
 
预约/预借
| 序号 | 登录号 | 条形码 | 馆藏地/架位号 | 状态 | 备注 |
| 1 | 179536 | 201795361 | 自科二线404/404自科库 24排6列5层/ [索取号:TU-0/H529] | 在馆 | |
| 2 | 179537 | 201795370 | 自科二线404/404自科库 25排1列2层/ [索取号:TU-0/H529] | 在馆 | |
| 3 | 179538 | 201795389 | 建筑库101/101建筑库 2排2列2层/ [索取号:TU-0/H529] | 在馆 | |
| 4 | 179539 | 201795398 | 自科二线404/404自科库 2排2列1层/ [索取号:TU-0/H529] | 在馆 | |
| 5 | 179540 | 201795405 | 建筑库101/ [索取号:TU-0/H529] | 在馆 |